La física: aventura del pensamiento: el desarrollo de las ideas desde los primeros conceptos hasta la relatividad y los cuantos
Αποθηκεύτηκε σε:
| Κύριοι συγγραφείς: | , |
|---|---|
| Μορφή: | Βιβλίο |
| Γλώσσα: | Ισπανικά |
| Έκδοση: |
Buenos Aires
Losada
1945
|
| Έκδοση: | 3a. ed |
| Σειρά: | Ciencia y vida
|
| Θέματα: | |
| Ετικέτες: |
Προσθήκη ετικέτας
Δεν υπάρχουν, Καταχωρήστε ετικέτα πρώτοι!
|
MARC
| LEADER | 00000nam a2200000 a 4500 | ||
|---|---|---|---|
| 001 | UCT1004 | ||
| 003 | CL-VaPUC | ||
| 008 | 960913e19450000AG |||||||||||||||||spa|d | ||
| 082 | 0 | 4 | |a 530.11 |b EIN |2 21 |
| 100 | |a Einstein, Albert |e autor |9 266229 | ||
| 700 | |a Infeld, Leopold |e author |9 535490 | ||
| 245 | 1 | 3 | |a La física: aventura del pensamiento: el desarrollo de las ideas desde los primeros conceptos hasta la relatividad y los cuantos |
| 250 | |a 3a. ed | ||
| 300 | |a 366 p | ||
| 942 | |c BK | ||
| 945 | |d 19960913 00:00:00 |a cmena | ||
| 260 | |a Buenos Aires |b Losada |c 1945 | ||
| 650 | 7 | |a RELATIVIDAD ESPECIAL |2 CL-VaPUC |9 320839 | |
| 650 | 0 | |a Física |9 227844 | |
| 650 | 0 | |a Teoría cuántica |9 266148 | |
| 650 | 7 | |a CONSERVACION DE LA ENERGIA |2 CL-VaPUC |9 262923 | |
| 650 | 0 | |a Física teórica |9 345827 | |
| 650 | 0 | |a Teoría de la relatividad |9 266149 | |
| 583 | |a last modification |c 19960913 00:00:00 |k Rodrigo Vera | ||
| 490 | 0 | |a Ciencia y vida | |
| 999 | |c 251683 |d 251681 | ||
| 952 | |0 0 |1 0 |4 0 |6 530_110000000000000_EIN_1945 |7 0 |8 A |9 271002 |a BIBCUR |b BIBCUR |d 2019-11-19 |i 1745921 |o 530.11 EIN 1945 |p 1745921 |r 2025-04-22 |w 2019-11-19 |y BK |k BCB | ||